MARC details
| 000 -CABECERA |
| campo de control de longitud fija |
01012cam a2200265 a 4500 |
| 001 - NÚMERO DE CONTROL |
| campo de control |
000007611 |
| 005 - FECHA Y HORA DE LA ÚLTIMA TRANSACCIÓN |
| campo de control |
20200929154231.0 |
| 008 - DATOS DE LONGITUD FIJA--INFORMACIÓN GENERAL |
| campo de control de longitud fija |
910725s1987 cu c b 001 0bspa |
| 040 ## - FUENTE DE LA CATALOGACIÓN |
| Centro catalogador/agencia de origen |
DO-SdBNP |
| Lengua de catalogación |
spa |
| Centro/agencia transcriptor |
LC |
| Centro/agencia modificador |
BNPHU |
| 082 ## - NÚMERO DE LA CLASIFICACIÓN DECIMAL DEWEY |
| Número de clasificación |
509.7291 |
| Número de documento/Ítem |
P972a |
| 049 ## - FONDOS LOCALES (OCLC) |
| Fondos de biblioteca |
BNGR |
| 100 1# - ENTRADA PRINCIPAL--NOMBRE DE PERSONA |
| Nombre de persona |
Pruna, Pedro M. |
| 9 (RLIN) |
21109 |
| 245 10 - MENCIÓN DE TÍTULO |
| Título |
Antonio Mestre en la cultura científica cubana del siglo XIX / |
| Mención de responsabilidad, etc. |
Pedro M. Pruna y Rosa María González ; edición, María de los A. Rodríguez. |
| 260 ## - PUBLICACIÓN, DISTRIBUCIÓN, ETC. |
| Lugar de publicación, distribución, etc. |
La Habana, (Cuba) : |
| Nombre del editor, distribuidor, etc. |
Academia, |
| Fecha de publicación, distribución, etc. |
1987. |
| 300 ## - DESCRIPCIÓN FÍSICA |
| Extensión |
101 p. : |
| Otras características físicas |
retrs. ; |
| Dimensiones |
24 cm. |
| 504 ## - NOTA DE BIBLIOGRAFÍA, ETC. |
| Nota de bibliografía, etc. |
Referencias bibliográficas p. 65-91. |
| 650 #4 - PUNTO DE ACCESO ADICIONAL DE MATERIA--TÉRMINO DE MATERIA |
| Término de materia o nombre geográfico como elemento de entrada |
Ciencia |
| Subdivisión geográfica |
Cuba |
| Subdivisión general |
Historia |
| Subdivisión cronológica |
SIGLO XIX |
| 9 (RLIN) |
21110 |
| 600 14 - PUNTO DE ACCESO ADICIONAL DE MATERIA--NOMBRE DE PERSONA |
| Nombre de persona |
MESTRE, ANTONIO, |
| Fechas asociadas al nombre |
1834-1887. |
| 9 (RLIN) |
21111 |
| 650 #4 - PUNTO DE ACCESO ADICIONAL DE MATERIA--TÉRMINO DE MATERIA |
| Término de materia o nombre geográfico como elemento de entrada |
Científicos |
| Subdivisión geográfica |
Cuba |
| Subdivisión general |
Biografías |
| 9 (RLIN) |
21112 |
| 650 #4 - PUNTO DE ACCESO ADICIONAL DE MATERIA--TÉRMINO DE MATERIA |
| Término de materia o nombre geográfico como elemento de entrada |
Científicos médicos |
| Subdivisión geográfica |
Cuba |
| Subdivisión general |
Biografías |
| 9 (RLIN) |
21113 |
| 700 1# - PUNTO DE ACCESO ADICIONAL--NOMBRE DE PERSONA |
| Nombre de persona |
González, Rosa Maria. |
| 9 (RLIN) |
21114 |
| 700 1# - PUNTO DE ACCESO ADICIONAL--NOMBRE DE PERSONA |
| Nombre de persona |
Rodríguez, María de los A., |
| Término indicativo de función/relación |
ed. |
| 9 (RLIN) |
21115 |
| 740 0# - PUNTO DE ACCESO ADICIONAL--TÍTULO RELACIONADO O ANALÍTICO NO CONTROLADO |
| Título relacionado o analítico no controlado |
Antonio Mestre. |
| 910 ## - DATOS DE OPCIÓN DEL USUARIO (OCLC) |
| Datos de opción del usuario |
Catalogación por copia / LC |